000 00287nam a22001337a 4500
008 170208b xxu||||| |||| 00| 0 eng d
020 _a9780763715700
041 _aeng
080 _25TH
_a61
100 _a4
101 _aSHM
245 _aCHRONIC ILLNESS
_cLUBKIN, I.M
942 _2udc
_cBK
999 _c4996
_d4996